Esau Anatomía vegetal: Meristemas, células y tejidos de las plantas: su estructura, función y desarrollo / Ray F. Evert; traducción Ma. Jesús Fortes Fortes (Record no. 217248)
[ view plain ]
| 000 -CABECERA | |
|---|---|
| campo de control de longitud fija | 01011nam a2200241Ia 4500 |
| 001 - NÚMERO DE CONTROL | |
| campo de control | Para_9881 |
| 008 - DATOS DE LONGITUD FIJA--INFORMACIÓN GENERAL | |
| campo de control de longitud fija | 220602s9999 xx 000 0 und d |
| 020 ## - NÚMERO INTERNACIONAL ESTÁNDAR DEL LIBRO | |
| Número Internacional Estándar del Libro | 978 - 84 - 282 - 1443 - 3 |
| 082 ## - NÚMERO DE LA CLASIFICACIÓN DECIMAL DEWEY | |
| Número de clasificación | PA 581.4 E94 2006 |
| 100 ## - ENTRADA PRINCIPAL--NOMBRE DE PERSONA | |
| Nombre de persona | Evert, Ray F. |
| 9 (RLIN) | 39000 |
| 245 ## - MENCIÓN DE TÍTULO | |
| Título | Esau Anatomía vegetal: Meristemas, células y tejidos de las plantas: su estructura, función y desarrollo / Ray F. Evert; traducción Ma. Jesús Fortes Fortes |
| 250 ## - MENCIÓN DE EDICIÓN | |
| Mención de edición | 3 |
| 260 ## - PUBLICACIÓN, DISTRIBUCIÓN, ETC. | |
| Lugar de publicación, distribución, etc. | España : Omega |
| 300 ## - DESCRIPCIÓN FÍSICA | |
| Extensión | 614 p. |
| 500 ## - NOTA GENERAL | |
| Nota general | Incluye referencias bibliográficas e índice \ Título original: Esau's plant anatomy: Meristems, cell, and tissues of the plant body - Their structure, function, and development |
| 650 ## - PUNTO DE ACCESO ADICIONAL DE MATERIA--TÉRMINO DE MATERIA | |
| Término de materia o nombre geográfico como elemento de entrada | Plantas - Anatomía \ Morfología vegetal \ Citología e histología vegetal |
| 9 (RLIN) | 185083 |
| 700 ## - PUNTO DE ACCESO ADICIONAL--NOMBRE DE PERSONA | |
| Nombre de persona | Fortes Fortes, Ma. Jesús, tr.Ì |
| 9 (RLIN) | 185084 |
| 901 ## - ELEMENTOS DE DATOS A LOCAL LDA (RLIN) | |
| a | PA 581.4 E94 2006 |
| 902 ## - ELEMENTOS DE DATOS B LOCAL, LDB (RLIN) | |
| a | M |
| 905 ## - ELEMENTOS DE DATOS E LOCAL, LDE (RLIN) | |
| a | 5232202006 a 8000000300 06 |
| 942 ## - ELEMENTOS DE PUNTO DE ACCESO ADICIONAL (KOHA) | |
| Tipo de ítem Koha | Libro_ |
| Estado de retiro | Estado de pérdida | Fuente del sistema de clasificación o colocación | Estado dañado | Restricciones de uso | No para préstamo | Código de colección | Localización permanente | Ubicación/localización actual | Fecha de adquisición | Número de inventario | Total de préstamos | Signatura topográfica completa | Código de barras | Fecha visto por última vez | Número de copia | Precio válido a partir de | Tipo de ítem Koha | Nota pública |
|---|---|---|---|---|---|---|---|---|---|---|---|---|---|---|---|---|---|---|
| Dewey Decimal Classification | Préstamo interno | General | Parasitologia Agricola | Parasitologia Agricola | 09/10/2013 | (PA_010001) (No. UACh C/E) | PA 581.4 E94 2006 | 4102000507 | 10/10/2023 | Ej.1 | 02/06/2022 | Libro | 3 |
